[Event "Rio de Janeiro op 3rd"]
[Site "Rio de Janeiro"]
[Date "2024.04.25"]
[Round "6"]
[White "Denti, Debora Schevinski"]
[Black "Figueiredo, Tiago Barbosa"]
[Result "1-0"]
[WhiteElo "1600"]
[BlackElo "1800"]
[PlyCount "37"]
[EventDate "2024.04.22"]
[EventType "swiss"]
[EventRounds "9"]
[EventCountry "BRA"]
[SourceTitle "CB18_2024"]
[SourceDate "2024.05.01"]
[SourceVersion "1"]
[SourceVersionDate "2024.05.01"]
[SourceQuality "2"]

1. e4 c5 2. c3 a6 3. Nf3 Nc6 4. Bc4 e6 5. d3 d6 6. Be3 Nf6 7. h3 Be7 8. 0-0 0-0 9. Re1 b5 10. Bb3 Bb7 11. Nbd2 h6 12. Nf1 Qc7 13. d4 Rfd8 14. Ng3 Rac8 15. d5 exd5 16. exd5 Na5 17. Bc2 Nxd5 18. Qd3 Nxe3 19. Qh7+ 1-0